000 00311nam a22001337a 4500
020 _a0195610059
082 _a823
_bDIC/T
100 _aCHARLES DICKENS
245 _aTALE OF TWO CITIES
250 _a1
260 _aNEW DELHI
_bOXFORD UNIVERSITY PRESS
_c2002
650 _aENGLISH SHORT STORY
_zDELHI
942 _cBK
999 _c3368
_d3368